| 000 | 01273cam a2200313 a 4500 | ||
|---|---|---|---|
| 001 | 3031896 | ||
| 005 | 20250430132432.0 | ||
| 008 | 950523s1995 nyu 001 0 eng | ||
| 020 | _a0471115770 (alk. paper) | ||
| 020 | _a0471115762 (pbk. : alk. paper) | ||
| 050 | 0 | 0 |
_aHF5382.7 _b.K457 1995 |
| 082 | 0 | 0 |
_a650.14 _220 |
| 100 | 1 | _aKennedy, Joyce Lain. | |
| 245 | 1 | 0 |
_aElectronic job search revolution : _bhow to win with the new technology that's reshaping today's job market / _cJoyce Lain Kennedy, Thomas J. Morrow. |
| 250 | _a2nd ed. | ||
| 260 |
_aNew York : _bJ. Wiley, _cc1995. |
||
| 300 |
_axix, 183 p. ; _c26 cm. |
||
| 500 | _aIncludes index. | ||
| 650 | 0 |
_aJob hunting _xTechnological innovations. |
|
| 650 | 0 |
_aJob hunting _xComputer network resources. |
|
| 650 | 0 |
_aHelp-wanted advertising _xDatabases. |
|
| 650 | 0 |
_aEmployment agencies _xAutomation. |
|
| 650 | 0 |
_aRésumés (Employment) _xData processing. |
|
| 700 | 1 | _aMorrow, Thomas J. | |
| 856 | 4 | 2 |
_3Contributor biographical information _uhttp://www.loc.gov/catdir/bios/wiley041/95004927.html |
| 856 | 4 | 2 |
_3Publisher description _uhttp://www.loc.gov/catdir/description/wiley031/95004927.html |
| 856 | 4 |
_3Table of Contents _uhttp://www.loc.gov/catdir/toc/onix01/95004927.html |
|
| 942 |
_2lcc _cBK _n0 |
||
| 999 |
_c5611 _d5611 |
||